Click the German States on a Map - Sudden Death - Statistics

General Stats
  • This quiz has been taken 132 times
  • The average score is 9 of 16
Answers on the Map
Answers color-coded by a green-red scale on the quiz's map according to % correct below.
 
Answer Stats
Answer % Correct
Bavaria
67%
Hamburg
67%
Berlin
65%
Bremen
65%
Brandenburg
63%
Hesse
53%
Schleswig-Holstein
53%
Baden-Württemberg
51%
North Rhine-Westphalia
51%
Saarland
51%
Lower Saxony
47%
Rhineland-Palatinate
47%
Mecklenburg-Vorpommern
46%
Saxony
44%
Saxony-Anhalt
44%
Thuringia
40%
No matching quizzes found
Score Distribution
Percent of People with Each Score
Percentile by Number Answered
Your Score History
You have not taken this quiz